Ako naučiť Slovákov podnikať

Podnikanie má pre Slovákov stále divnú príchuť. Boja sa ho sami vyskúšať a radšej majú istoty trvalej pracovnej zmluvy. Nepomáha tomu ani štát, ktorý sa podnikateľskému prostrediu, boju s korupciou či vzdelávaniu systematicky nevenuje. Strach zo zlyhania je jednou z hlavných obáv ľudí pri podnikaní....

Descrizione completa

Salvato in:
Dettagli Bibliografici
Autore principale: Záborský, Ján
Altri autori: Lehuta, Michal
Natura: Capitolo di libro
Lingua:slovacco
Soggetti:
Tags: Aggiungi Tag
Nessun Tag, puoi essere il primo ad aggiungerne!!

MARC

LEADER 00000naa a2200000 4500
001 0227200
005 20221104112513.9
041 0 |a slo 
044 |a SK 
245 1 0 |a Ako naučiť Slovákov podnikať  |c Ján Záborský, Michal Lehuta 
520 |a Podnikanie má pre Slovákov stále divnú príchuť. Boja sa ho sami vyskúšať a radšej majú istoty trvalej pracovnej zmluvy. Nepomáha tomu ani štát, ktorý sa podnikateľskému prostrediu, boju s korupciou či vzdelávaniu systematicky nevenuje. Strach zo zlyhania je jednou z hlavných obáv ľudí pri podnikaní. Čo podnikaniu u nás nahráva a čo škodí. 
610 2 0 |a podnikanie 
610 2 0 |a podnikatelia 
610 2 0 |a prostredie podnikateľské 
610 2 0 |a vzdelávanie 
610 2 0 |a Slovensko 
100 1 |a Záborský, Ján 
700 1 |a Lehuta, Michal